000 00248nam a22001217a 4500
008 180817b xxu||||| |||| 00| 0 eng d
041 _aeng
080 _a004
100 _a28
101 _aSHK
245 _aPROC SQL
_cLafler,K.P
942 _2udc
_cBK
999 _c47195
_d47195